000
00323nam a2200145Ia 4500
008
151213s9999 xx 000 0 und d
100
_a
J.J.K
245
_a
Global Marketing
_c
J.J.K
260
_a
London
_b
Irwin
_c
1997
300
_a
2737 p.
650
_a
Marketing
650
_a
Marketing
700
_a
J.J.K
999
_c
1848
_d
1848